000 03247nam a22003017a 4500
005 20170417084925.0
008 170417b1720 gw |||fr|||| 001 0 lat d
040 _cSandra Yazo
_dSandra Yazo
041 0 _alat
082 0 4 _220
_a340.54
092 _aE43N037
130 0 _aCorpus Iuris Civilis
_985159
242 0 0 _aCorpus Iuris Civilis romano
_bEn él se incluyenlas Instituciones, el Digesto y el Código, corregidos según el códice Florentino. También los Edictos de Justiniano y las Novelas de León y otros emperadores, los Cánones Apostólicos, los Libros de los feudos, las leyes de Las doce tablas y todos aquellos escritos relacionados con la jurisprudencia anterior a Justiniano. Con las anotaciones completas de Dionisio Godofredo, a las que se añadieron las de otros juristas famosos, que Simón Van Leeuwen incorporó en su edición. Se añadieron Índices muy corregidos de los Títulos y de las Leyes. Va al principio una Historia y una Cronología del Derecho Civil Romano
_yspa
245 0 0 _aCorpus Iuris Civilis Romani,
_bin quo Institutiones, Digesta ad Codicem Forentinum emendata, Codex ítem et Novellae, nec non Iustiani Edicta, Leonis et aliorum Imperatorum Novellae, Canones Apostolorum, Feudorum Libri, Leges XII Tabb. et alia ad jurisprudentiam ante Iustinianeam pertinentia scripta … cum notis integris DionysiiGothofredi, quibus et aliae aliorum jctorum abreviatura de jurisconsultorum celeberrimorum quas editione suae Simon Van Leeuwen inseruit, acceserunt. Additi quoque locis convenientibus Indices Titulorum ac Legum emendatissimi. Praemissa est Historia et Chronología Iuris Civilis Romani
250 _aEditio Novissima [Última edición]
260 _aLipsiae [Leipzig] (Alemania)
_bSumptibus Jo. Friderici Gleditschii B. filii [A expensas de Juan Federico Gleditsch, hijo de Benjamín]
_c1720
300 _a[6], 64, 1026 páginas
_c29 x 23 cm.
500 _aDetalles físicos: Encuadernación flexible en cartón forrado en pergamino. Ejemplar en regular estado de conservación. Mútilo sin portada, faltan primeras y últimas páginas. Guardas incompletas y notorias anotaciones manuscritas. Papel con bordes deteriorados, arrugas, manchas de oxidación y de tinta. Prefacio. Texto impreso en dos columnas, muy densas. Remates. Mayúsculas capitales. Varias hojas empiezan a desprenderse. Pág 69 – 74, 427 restauraciones anteriores
505 0 _aHistoria del derecho romano-justinianeo: origen y cambios a lo largo de la historia ; Cronología de las leyes romanas ; Cuatro libros de las Instituciones de Justiniano ; Cincuenta libros de los Digestos o Pandectas del emperador Justiniano
506 _aConsulta en sala
546 _aTexto en latín
650 7 _963971
_aDerecho romano
_xFuentes
650 7 _984912
_aDerecho civil
_xFuentes
650 0 _929560
_aDerecho civil
_xObras anteriores a 1800
690 _aDerecho civil
_912711
856 4 1 _uhttps://books.google.com.co/books?id=mlxEAAAAcAAJ&pg=PR10&lpg=PR10&dq=Historia+juris+Romano-Justinianei+chronologica+qu%C3%A6+legum+Romanarum&source=bl&ots=8zF0yipjqE&sig=5GSK4nIqSL-O3vZfBj8dOsaxgl4&hl=en&sa=X&ei=vURVU8PEHamlsQT-qYGABw#v=onepage&q&f=false
_zDisponible en línea
942 _2LOCAL
_cLIBRO
_e1
_hE43N037
999 _c306464
_d306464